Apprentissage et mémoire (notice n° 1567633)
[ vue normale ]
| 000 -LEADER | |
|---|---|
| fixed length control field | 00696cam a2200145 4500500 |
| 005 - DATE AND TIME OF LATEST TRANSACTION | |
| control field | 20251214003232.0 |
| 041 ## - LANGUAGE CODE | |
| Language code of text/sound track or separate title | fre |
| 042 ## - AUTHENTICATION CODE | |
| Authentication code | dc |
| 100 10 - MAIN ENTRY--PERSONAL NAME | |
| Personal name | Cordier, Françoise |
| Relator term | author |
| 245 00 - TITLE STATEMENT | |
| Title | Apprentissage et mémoire |
| 260 ## - PUBLICATION, DISTRIBUTION, ETC. | |
| Name of publisher, distributor, etc. | Armand Colin,<br/> |
| Date of publication, distribution, etc. | 2010.<br/> |
| 520 ## - SUMMARY, ETC. | |
| Summary, etc. | Bien que centré sur une approche de psychologie, l’ouvrage exploite aussi les données des neurosciences, notamment celles qui, en neuropsychologie, portent sur les troubles de la mémoire issus de lésions cérébrales ou de maladies neurovégétatives. |
| 700 10 - ADDED ENTRY--PERSONAL NAME | |
| Personal name | Gaonac’h, Daniel |
| Relator term | author |
| 856 41 - ELECTRONIC LOCATION AND ACCESS | |
| Uniform Resource Identifier | <a href="https://shs.cairn.info/apprentissage-et-memoire--9782200249908?lang=fr&redirect-ssocas=7080">https://shs.cairn.info/apprentissage-et-memoire--9782200249908?lang=fr&redirect-ssocas=7080</a> |
Pas d'exemplaire disponible.




Réseaux sociaux